Những nhà kinh tế phi thường của thế giới

Sparad:
Bibliografiska uppgifter
Huvudupphovsman: Văn Tương
Materialtyp: Bok
Språk:Undetermined
Publicerad: Tp. HCM Nxb. Tp. HCM 1993
Ämnen:
Taggar: Lägg till en tagg
Inga taggar, Lägg till första taggen!
Thư viện lưu trữ: Trung tâm Học liệu Trường Đại học Cần Thơ
LEADER 00537nam a2200181Ia 4500
001 CTU_5897
008 210402s9999 xx 000 0 und d
082 |a 339.22 
082 |b T561 
100 |a Văn Tương 
245 0 |a Những nhà kinh tế phi thường của thế giới 
245 0 |c Văn Tương 
260 |a Tp. HCM 
260 |b Nxb. Tp. HCM 
260 |c 1993 
650 |a managerial economics 
904 |i Nguyễn Quang Điền, 960806 
980 |a Trung tâm Học liệu Trường Đại học Cần Thơ